<?xml version="1.0" encoding="UTF-8"?>
<marc:record xmlns:marc="http://www.loc.gov/MARC21/slim">
   <marc:leader>00000nam a2200000 a 4500</marc:leader>
   <marc:datafield ind1="0" ind2="0" tag="245">
      <marc:subfield code="a">Monster-Falle</marc:subfield>
   </marc:datafield>
   <marc:datafield ind1="0" ind2="0" tag="245">
      <marc:subfield code="b">Ab 6 Jahren. - Für 2 bis 4 Spieler. - Spieldauer: ca. 20 Min.</marc:subfield>
   </marc:datafield>
   <marc:datafield ind1=" " ind2="1" tag="264">
      <marc:subfield code="a">Stuttgart</marc:subfield>
      <marc:subfield code="b">Kosmos Verlag</marc:subfield>
      <marc:subfield code="c">2011</marc:subfield>
   </marc:datafield>
   <marc:datafield ind1="1" ind2=" " tag="520">
      <marc:subfield code="a">Die Monster sind los!!! Super, denn die lustigen Monster sorgen für ganz viel Spaß in der alten Villa. Doch plötzlich steht Oma Frieda vor der Tür - und die würde vor den Monstern fürchterlich erschrecken. Helft alle mit, die Monster einzufangen! Schiebt sie so schnell wie möglich durch die Villa und schubst sie - schwups - in die Monsterfalle! Wer geschickt ist und sich gut mit seinem Mitspieler abspricht, fängt bei diesem rasanten Schiebespaß die meisten Monster.</marc:subfield>
   </marc:datafield>
   <marc:datafield ind1=" " ind2=" " tag="500">
      <marc:subfield code="a">Auf der Nominierungsliste zu Kinderspiel des Jahres 2011</marc:subfield>
   </marc:datafield>
   <marc:datafield ind1="0" ind2=" " tag="490">
      <marc:subfield code="v">0</marc:subfield>
   </marc:datafield>
   <marc:datafield ind1=" " ind2=" " tag="300">
      <marc:subfield code="a">1 Villa mit Spielplan, 4 Schieber, 12 Monter-Chips, 12 Augen-Chips, 6 Orts-karten, 1 Figur, 72 Monstekarten, 4 Ablagetafeln, 1 Sanduhr, 1 Spielanleitung</marc:subfield>
   </marc:datafield>
</marc:record>
